000 00374nam a2200145 i 4500
001 bg
100 1 _aROSPONDOWSKI, Robert
245 0 _aPrzewodnik metodyczny do ćwiczeń laboratoryjnych z fizyki /
_cRobert Rospondowski.
250 _aWyd.2.
260 _aGliwice,
_c1977.
040 _cBPK
041 _apol
942 _cKS
008 s pl f |000 0 pol
999 _c17553
_d17553
856 _uhttp://koha.tu.koszalin.pl/cgi-bin/koha/opac-detail.pl?biblionumber=17553
_yKatalog online BPK